00966 a2200181 45000010006000000050017000060080041000230030015000640400040000790800145001192450029002642640028002933000019003215050386003401000019007267000022007457000017007673198320260407155621.0260407a1971 arg spa dAR-UNSa-BCEJYS aAR-UNSa-BCEJYSbspacAR-UNSa-BCEJYS a658.012.4xGestión. Dirección. Autoridad. Técnicas y métodos de gestión (gestión del conocimiento, Outsourcing, Benchmarking...)10aManual para supervisores 1aMéxico :bDianac1971 a212 p.c21 cm. a1. Introducción - 2. El supervisor y la compañia - 3. El supervisor y el sindicato - 4. Motivación y moral - 5. Cómo diferimos unos de otros - 6. Cuándo aprendemos - 7. Entrenamiento de instrucción para el trabajo - 8. Cómo juzgar el rendimiento - 9. Cómo comunicarse más efectivamente - 10. Cómo trabajar eficazmente con otros - 11. Organización de empresas.1 aEcker, H. Paul1 aOuellette, Vernon1 aMacrae, John